Les personnages d'Avengers : Infinity War - #19 - Statistiques

Statistiques générales
  • Ce quiz a été pris 39 fois
    20 depuis la dernière actualisation
  • Le résultat moyen est 24 sur 41
Statistiques - réponses
Réponse % Correct
Tony Stark / Iron Man
100%
Steve Rogers / Captain America
95%
Thanos
95%
Peter Parker / Spider-Man
89%
Hulk
84%
Thor
84%
Black Widow
79%
Groot
79%
Rocket
79%
T'Challa / Black Panther
79%
Gamora
74%
Mantis
74%
Nébula
74%
Stephen Strange / Docteur Strange
74%
Vision
74%
Wanda Maximoff / Sorcière Rouge
74%
Peter Quill / Star Lord
68%
Sam Wilson / Falcon
68%
Drax
63%
Shuri
63%
Bucky Barnes / le Soldat de l'Hiver
58%
Ebony Maw
58%
Loki
58%
James Rhodes / War Machine
53%
M'Baku
53%
Okoye
53%
Wong
53%
Corvus Glaive
47%
Heimdall
47%
Cull Obsidian
42%
Ned Leeds
42%
Nick Fury
42%
Pepper Potts
42%
Taneleer Tivan / le Collectionneur
42%
Eitri
37%
Maria Hill
37%
Proxima Midnight
37%
Johann Schmidt / Crâne rouge
32%
Ayo
21%
Thaddeus Ross
16%
FRIDAY
11%
Aucun quiz correspondant
Distribution des résultats
% des personnes avec chaque résultat
Percentile par nombre de réponses
Votre historique - résultats
Vous n’avez pas pris ce quiz depuis la dernière actualisation